Dung beetle ecology / (Registro nro. 1568)

Detalles MARC
000 -CABECERA
Campo de control 00941pam a2200241 a 4500
005 - FECHA Y HORA DE LA ULTIMA TRANSACCION
Campo de control 20160315122349.0
008 - ELEMENTOS DE LONGITUD FIJA—INFORMACION GENERAL
Campo de control 900723s1991 njuab b 001 0 eng
020 ## - ISBN
ISBN 0691087393 (tela: papel desacidificado) :
040 ## - FUENTE DE CATALOGACIÓN
Agencia catalogadora original DLC
Agencia transcriptora DLC
Agencia Modificadora DLC
-- CO.BoIAVH
041 0# - IDIOMA
Código de idioma para texto/pista de sonido o título separado Inglés
044 ## - PAÍS DE PUBLICACIÓN
País de publicación Estados Unidos
082 00 - NUMERO DE CLASIFICACION DECIMAL DEWEY
Número de clasificación 595.7649
Número del ítem D91b
245 00 - MENCION DE TITULO
Título Dung beetle ecology /
Mención de responsabilidad editado por Ilkka Hanski and Yves Cambefort.
260 ## - PUBLICACION, DISTRIBUCION, ETC. (PIE DE IMPRENTA)
Lugar de publicación, distribución, etc. Princeton, N.J. :
Nombre del editor, distribuidor, etc. Princeton University Press,
Fecha de publicación, distribución, etc. c1991.
300 ## - DESCRIPCION FISICA
Extensión xii, 481 páginas :
Otros detalles físicos ilustraciones, mapas ;
Dimensiones 25 x 16 centímetros
504 ## - NOTA DE BIBLIOGRAFIA, ETC.
Nota de bibliografía Incluye referencias bibliográficas: páginas 421-463 e índices.
650 #6 - ASIENTO SECUNDARIO DE MATERIA - TERMINO TEMATICO
Término temático o nombre geográfico como elemento de entrada Escarabajos del estiércol
Subdivisión general Ecología.
9 (RLIN) 64070
650 #6 - ASIENTO SECUNDARIO DE MATERIA - TERMINO TEMATICO
Término temático o nombre geográfico como elemento de entrada Escarabajos del estiércol
Subdivisión general población
9 (RLIN) 64071
650 #6 - ASIENTO SECUNDARIO DE MATERIA - TERMINO TEMATICO
Término temático o nombre geográfico como elemento de entrada Escarabajos del estiércol
Subdivisión general Biogeografía
9 (RLIN) 64072
700 1# - ASIENTO SECUNDARIO - NOMBRE PERSONAL
Nombre personal Hanski, Ilkka.
Término de relación editor
9 (RLIN) 12853
700 1# - ASIENTO SECUNDARIO - NOMBRE PERSONAL
Nombre personal Cambefort, Yves,
Fechas asociadas con el nombre 1945-
Término de relación editor
9 (RLIN) 64073
942 ## - ELEMENTOS ADICIONALES (KOHA)
Sistema de clasificación Dewey Decimal Classification
Tipo de ítem Libro
Existencias
Withdrawn status Lost status Sistema de Clasificación Damaged status No para préstamo Colección Inventariado Ubicación Permanente Ubicación actual Fecha de adquisición Fuente de Valor Valor Total Checkouts Total Renewals Número topográfico Inventario / Código de Barras Date last seen Date checked out Ejemplar Price effective from Forma de adquisición Tipo de material
    Dewey Decimal Classification     General Inventariado 2017 Bogotá Bogotá 06/04/2000 Instituto 39000.00 1 4 LB-595.7649 D91b 004282 15/03/2016 10/06/2015 Ej. 1 04/12/2012   Libro